| 000 | 01765cam a22003491i 4500 | ||
|---|---|---|---|
| 003 | SA-RiAUC | ||
| 005 | 20250408063501.0 | ||
| 008 | 250407s2000 ku g b f00000 ara c | ||
| 020 | _z999063415 | ||
| 040 |
_aSA-MaUQU _bara _cSA-RiAUC _erda |
||
| 043 | _af-ua--- | ||
| 050 | 0 | 0 | _bK3732 2000 |
| 082 | 0 | 4 | _a016.253902 |
| 090 |
_a016.253902 _b ب د و |
||
| 100 | _aبدوي، محمد | ||
| 245 | 0 | 0 |
_aكشاف أدبيات الأوقاف في جمهورية مصر العربية / _cمستشارا الكشاف إبراهيم البيومي غانم، عيسى زكي شقرة ؛ جمع المادة مكتب الدراسات والعلاقات الخارجية بالأمانة العامة للأوقاف ؛ إعداد محمد بدوي [ومجموعة آخرون] |
| 250 | _aالطبعة الأولى. | ||
| 264 | 1 |
_aالكويت : _bالأمانة العامة للأوقاف ؛ _bالبنك الإسلامي للتنمية، _c2000 |
|
| 300 |
_a331 صفحة ؛ _c24 سم. |
||
| 336 |
_aنص _btxt _2rdacontent _3كتاب |
||
| 337 |
_aبدون وسيط _bn _2rdamedia |
||
| 338 |
_aمجلد _bnc _2rdacarrier |
||
| 490 | 0 | _aسلسلة كشافات أدبيات الأوقاف | |
| 650 | 7 |
_aالوقف _zمصر _vببليوجرافيات _2aucsh |
|
| 650 | 7 |
_aالوقف _zمصر _vكشافات _2aucsh |
|
| 700 | 1 |
_aغانم، إبراهيم البيومي، _d1959- _eمشرف. |
|
| 700 | 1 |
_aشقرة، عيسى زكي عيسى محمد _eمشرف. |
|
| 700 | 1 |
_aوهبة، محمد محمد بدوي _eمعد. |
|
| 710 | 2 |
_aالأمانة العامة للأوقاف (الكويت). _bإدارة الدراسات والعلاقات الخارجية _eجامع. |
|
| 942 |
_2ddc _cBOOK _n0 |
||
| 949 |
_aSA-JeALM _d250407 _uosman123 _n1 |
||
| 999 |
_c6763 _d6763 |
||